Fictional Characters by Pictures - U, V, W - Statistics

General Stats
  • This quiz has been taken 42 times
  • The average score is 7 of 15
Answer Stats
Picture Answer % Correct
Winnie the Pooh
95%
Velma
80%
Willy Wonka
78%
Will
75%
Walter White
65%
Wanda
65%
Wendy
58%
Wilma Flintstone
58%
Vanessa
40%
Vicky
35%
Victor
30%
Veronica Lodge
18%
Violet Evergarden
10%
Violetta Castillo
3%
Woody
3%
No matching quizzes found
Score Distribution
Percent of People with Each Score
Percentile by Number Answered
Your Score History
You have not taken this quiz